QCM Phylogénie Animaux - Statistiques

Statistiques générales
  • Ce quiz a été pris 87 fois
  • Le résultat moyen est 10 sur 15
Statistiques - réponses
Question Réponse % Correct
L'araignée fait parti de la classe des Arachnides
100%
Le terme "décapode" signifie que l'animal possède 10 pattes
90%
Que veut dire tétrapodes ? 4 pattes
85%
Quels sont les représentants actuels des dinosaures ? Les oiseaux
85%
Les vers de terres sont des mollusques Faux
83%
Comment se nomme la famille qui regroupe les humains, chimpanzés, bonobos, gorilles et orang-outans ? Hominidés
83%
Les mammifères sont divisés en 3, les placentaires, les monotrèmes et les ? Marsupiaux
76%
Les Chondrichthyens sont les Requins, raies,...
73%
Les otaries ou les phoques sont phylogénétiquement plus proche des Chiens
68%
Les archosaures regroupent les dinosaures, les ptérosaures et les Crocodiliens
68%
Les lapins sont des Lagomorphes
59%
Les chevaux font parti de l'ordre des Périssodactyles, quel autre animal en fait parti ? Rhinocéros
44%
Quel est le biologiste ayant décrit le plus d'espèces ? Carl von Linné
41%
Les hyènes sont phylogénétiquement plus proches des Chats
41%
Qu'est ce que les différencie principalement des Ostéichthyens Squelette cartilagineux
41%
Aucun quiz correspondant
Distribution des résultats
% des personnes avec chaque résultat
Percentile par nombre de réponses
Votre historique - résultats
Vous n’avez pas pris ce quiz